[Event "37th ECC Open 2022"]
[Site "Mayrhofen AUT"]
[Date "2022.10.06"]
[Round "4.4"]
[Board "3"]
[White "Moussard, Jules"]
[Black "Gokerkan, Cem Kaan"]
[Result "1-0"]
[WhiteTitle "GM"]
[BlackTitle "IM"]
[WhiteElo "2686"]
[BlackElo "2465"]
[WhiteTeam "Asnieres Le Grand Echiquier"]
[BlackTeam "Gokturk Satranc Spor Kulubu"]
[WhiteFideId "642908"]
[BlackFideId "6336760"]
[EventDate "2022.10.03"]

1. e4 c5 2. Nf3 d6 3. d4 Nf6 4. Nc3 cxd4 5. Nxd4 a6 6. Bd3 e5 7. Nde2 Be7 8. O-O
O-O 9. Ng3 b5 10. f4 Nc6 11. Nd5 exf4 12. Nxe7+ Qxe7 13. Bxf4 Ng4 14. Kh1 Re8
15. a4 bxa4 16. Rxa4 Nge5 17. Qd2 Rb8 18. b3 a5 19. Bc4 Be6 20. Bd5 Rec8 21.
Bxc6 Rxc6 22. Rxa5 Qc7 23. Ra2 Rc8 24. Rf2 h5 25. h3 g6 26. Bg5 Kh7 27. Bf6 Nd7
28. Bd4 Ne5 29. Nf1 Qb7 30. Ra7 Qb5 31. Ne3 R6c7 32. Ra5 Qc6 33. Bxe5 dxe5 34.
Rxe5 Qc3 35. Qxc3 Rxc3 36. Re2 Kg7 37. Kg1 h4 38. Kf2 Ra8 39. Ke1 Ra2 40. Rb5
Bd7 41. Rb4 Be6 42. Kd1 Kh6 43. Nd5 Rg3 44. Ne3 Kg5 45. Kd2 Kf4 46. e5+ Kg5 47.
Rf2 Ra5 48. Nf1 Rd5+ 49. Kc1 Rc3 50. Nd2 Re3 51. Nf3+ Kh6 52. Rxh4+ Kg7 53. Rf4 1-0

[Event "37th ECC Open 2022"]
[Site "Mayrhofen AUT"]
[Date "2022.10.06"]
[Round "4.4"]
[Board "4"]
[White "Firat, Burak"]
[Black "Alekseenko, Kirill"]
[Result "1/2-1/2"]
[WhiteTitle "GM"]
[BlackTitle "GM"]
[WhiteElo "2455"]
[BlackElo "2691"]
[WhiteTeam "Gokturk Satranc Spor Kulubu"]
[BlackTeam "Asnieres Le Grand Echiquier"]
[WhiteFideId "6305881"]
[BlackFideId "4135539"]
[EventDate "2022.10.03"]

1. Nf3 Nf6 2. g3 b5 3. Bg2 Bb7 4. Na3 a6 5. c4 b4 6. Nc2 e6 7. d4 Be7 8. d5 O-O
9. Nh4 Qc8 10. e4 Ne8 11. O-O a5 12. f4 c6 13. Ne3 d6 14. b3 Bf6 15. Rb1 Nd7 16.
dxe6 fxe6 17. Bh3 Nc5 18. e5 dxe5 19. fxe5 Bxe5 20. Rxf8+ Kxf8 21. Ng4 Bc3 22.
Qf3+ Kg8 23. Be3 Na6 24. Rf1 Nf6 25. Nxf6+ Bxf6 26. Qe4 Nc7 27. Bc5 a4 28. Rxf6
gxf6 29. Qg4+ Kh8 30. Be7 Ne8 31. Qh5 Qd7 32. Qf7 Ng7 33. Qxf6 axb3 34. axb3 c5
35. Bxc5 Qc6 36. Bd4 Qh1+ 37. Kf2 Ra2+ 38. Bb2 Rxb2+ 39. Qxb2 Qxh2+ 40. Bg2 Bxg2
41. Nxg2 Qh5 42. Qd4 Kg8 43. c5 Qf5+ 44. Kg1 e5 45. Qd8+ Qf8 46. Qd5+ Qf7 47.
Ne3 Qxd5 48. Nxd5 Kf7 49. Nxb4 Nf5 50. Kf2 Nd4 51. Nd3 Nxb3 52. Nxe5+ Ke6 53. c6
Kd6 54. Ke3 h5 55. Ke4 Nd2+ 56. Kf4 Nf1 57. Kf3 Nd2+ 58. Kf4 Nf1 59. Kf3 1/2-1/2

[Event "37th ECC Open 2022"]
[Site "Mayrhofen AUT"]
[Date "2022.10.06"]
[Round "4.4"]
[Board "5"]
[White "Movsesian, Sergei"]
[Black "Ozen, Deniz"]
[Result "1-0"]
[WhiteTitle "GM"]
[BlackTitle "IM"]
[WhiteElo "2619"]
[BlackElo "2397"]
[WhiteTeam "Asnieres Le Grand Echiquier"]
[BlackTeam "Gokturk Satranc Spor Kulubu"]
[WhiteFideId "310204"]
[BlackFideId "6349196"]
[EventDate "2022.10.03"]

1. e4 e6 2. d4 d5 3. Nd2 c5 4. Ngf3 cxd4 5. Nxd4 Nc6 6. Bb5 Bd7 7. Nxc6 bxc6 8.
Bd3 Bd6 9. Qe2 e5 10. c4 d4 11. O-O c5 12. f4 Ne7 13. b4 cxb4 14. a3 Nc6 15. Nb3
bxa3 16. c5 Bc7 17. f5 f6 18. Bc4 Kf8 19. Rxa3 a5 20. Nd2 Qe7 21. Kh1 Be8 22.
Rg3 Bf7 23. Bd5 Qd7 24. Qg4 Rg8 25. Be6 Qe7 26. Nc4 h5 27. Qh3 Qxc5 28. Bxf7
Kxf7 29. Qxh5+ Ke7 30. Ba3 Nb4 31. Rc1 Bd6 32. Qh7 Kf7 33. h4 Rac8 34. Nxd6+ 1-0

[Event "37th ECC Open 2022"]
[Site "Mayrhofen AUT"]
[Date "2022.10.06"]
[Round "4.4"]
[Board "6"]
[White "Kamer, Kayra"]
[Black "Cornette, Matthieu"]
[Result "1/2-1/2"]
[WhiteTitle "IM"]
[BlackTitle "GM"]
[WhiteElo "2354"]
[BlackElo "2572"]
[WhiteTeam "Gokturk Satranc Spor Kulubu"]
[BlackTeam "Asnieres Le Grand Echiquier"]
[WhiteFideId "6367879"]
[BlackFideId "620084"]
[EventDate "2022.10.03"]

1. g3 e5 2. Bg2 Nf6 3. c4 Bc5 4. Nc3 c6 5. e3 O-O 6. Nge2 Bb6 7. d4 exd4 8. exd4
d5 9. cxd5 Nxd5 10. Nxd5 cxd5 11. O-O Nc6 12. Nc3 Bxd4 13. Nxd5 Be6 14. Qf3 Qa5
15. Bf4 Rad8 16. Nc3 Rd7 17. Rfc1 Rfd8 18. h4 h6 19. Qe2 Nb4 20. Be4 Bxc3 21.
Rxc3 Nd5 22. Bxd5 Qxd5 23. Qe5 Qxe5 24. Bxe5 Rd1+ 25. Rxd1 Rxd1+ 26. Kh2 Bxa2
27. g4 Be6 28. g5 hxg5 29. hxg5 Rd2 30. Rf3 Kh7 31. Kg3 Kg6 32. Re3 b5 33. Bc3
Rc2 34. b4 Rc1 35. Be5 Rc4 36. Bd6 a6 37. f4 Rc2 38. Be7 Kh5 39. Bf8 Kg6 40. Be7
Rb2 41. Bf8 Rd2 42. Be7 Bd5 43. Re5 f6 44. gxf6 gxf6 45. Re3 Kf5 46. Ra3 Bb7 47.
Rc3 Rd7 48. Re3 Bd5 49. Kf2 Bc4 50. Kg3 Rd1 51. Ra3 Rg1+ 52. Kf2 Rf1+ 53. Kg3
Rxf4 54. Rf3 Rxf3+ 55. Kxf3 Ke5 56. Bd8 f5 57. Bc7+ Kd5 58. Kf4 Bd3 59. Bd8 Kc4
60. Ba5 Be4 61. Ke5 Kc3 62. Kf4 Kd4 63. Bb6+ 1/2-1/2

[Event "37th ECC Open 2022"]
[Site "Mayrhofen AUT"]
[Date "2022.10.06"]
[Round "4.5"]
[Board "1"]
[White "Maghsoodloo, Parham"]
[Black "Pechac, Jergus"]
[Result "1-0"]
[WhiteTitle "GM"]
[BlackTitle "GM"]
[WhiteElo "2721"]
[BlackElo "2633"]
[WhiteTeam "Clichy-Echecs-92"]
[BlackTeam "Sentimento Ajka BSK"]
[WhiteFideId "12539929"]
[BlackFideId "14926970"]
[EventDate "2022.10.03"]

1. d4 d5 2. Nf3 Nf6 3. Bf4 c5 4. e3 Nc6 5. Nbd2 cxd4 6. exd4 Bf5 7. c3 e6 8. Qb3
Bd6 9. Bxd6 Qxd6 10. Be2 O-O 11. O-O h6 12. Rfe1 Qc7 13. a4 a6 14. Qa3 Nd7 15.
a5 Rfe8 16. h3 Bg6 17. Bf1 Bh5 18. Re3 Bxf3 19. Nxf3 e5 20. dxe5 Ndxe5 21. Nxe5
Rxe5 22. Rxe5 Qxe5 23. Qc5 Rc8 24. Rd1 Ne7 25. Qa3 Nc6 26. g3 d4 27. cxd4 Qxa5
28. Qf3 Re8 29. d5 Ne5 30. Qe3 Qa4 31. b3 Qd7 32. d6 Re6 33. Qb6 Nf3+ 34. Kh1
Re1 35. Rxe1 Nxe1 36. g4 Kf8 37. Qc7 Ke8 38. Qb8+ Qd8 39. Qxb7 Qxd6 40. Qe4+ Qe7
41. Qa8+ Qd8 42. Qxd8+ Kxd8 43. Bxa6 Kc7 44. f4 Kb6 45. Bc4 f6 46. Kg1 Kc5 47.
Kf2 Nc2 48. Kf3 Kd4 49. g5 fxg5 50. fxg5 Ke5 51. Kg4 Ne3+ 52. Kh5 Ng2 53. gxh6
Nf4+ 54. Kg4 gxh6 55. Bf1 Nd5 56. Kh5 Ne3 57. Bc4 Nf5 58. Bd3 Nd4 59. b4 Kf4 60.
b5 Kg3 61. b6 Nc6 62. Bf1 Na5 63. Kxh6 Kh4 64. Bg2 Nc4 65. b7 Ne5 66. b8=Q Ng6
67. Qd8+ 1-0

[Event "37th ECC Open 2022"]
[Site "Mayrhofen AUT"]
[Date "2022.10.06"]
[Round "4.5"]
[Board "2"]
[White "Banusz, Tamas"]
[Black "Van Foreest, Jorden"]
[Result "1/2-1/2"]
[WhiteTitle "GM"]
[BlackTitle "GM"]
[WhiteElo "2622"]
[BlackElo "2694"]
[WhiteTeam "Sentimento Ajka BSK"]
[BlackTeam "Clichy-Echecs-92"]
[WhiteFideId "722413"]
[BlackFideId "1039784"]
[EventDate "2022.10.03"]

1. Nf3 Nf6 2. g3 g6 3. Bg2 Bg7 4. d4 O-O 5. c4 d6 6. Nc3 Re8 7. O-O Bd7 8. d5 a5
9. Nd4 Na6 10. h3 Nc5 11. Be3 e5 12. dxe6 Nxe6 13. Nxe6 Bxe6 14. b3 Qc8 15. h4
Bh3 16. Bd4 Bxg2 17. Kxg2 Qf5 18. e3 Rad8 19. Qf3 Qxf3+ 20. Kxf3 d5 21. Rad1
dxc4 22. bxc4 Nd7 23. Nb5 Bxd4 24. exd4 Nb6 25. c5 Nd5 26. Rfe1 Kf8 27. Rxe8+
Rxe8 28. Rc1 f5 29. Nc3 Nxc3 30. Rxc3 Re4 31. Rb3 b6 32. cxb6 cxb6 33. d5 Rd4
34. Rxb6 Rxd5 35. Rb7 Rd2 36. Rxh7 Kg8 37. Ra7 1/2-1/2

[Event "37th ECC Open 2022"]
[Site "Mayrhofen AUT"]
[Date "2022.10.06"]
[Round "4.5"]
[Board "3"]
[White "Amin, Bassem"]
[Black "Michalik, Peter"]
[Result "1-0"]
[WhiteTitle "GM"]
[BlackTitle "GM"]
[WhiteElo "2667"]
[BlackElo "2558"]
[WhiteTeam "Clichy-Echecs-92"]
[BlackTeam "Sentimento Ajka BSK"]
[WhiteFideId "10601457"]
[BlackFideId "14907526"]
[EventDate "2022.10.03"]

1. Nf3 d5 2. g3 g6 3. Bg2 Bg7 4. O-O c5 5. d3 Nf6 6. Nbd2 O-O 7. e4 Nc6 8. c3
dxe4 9. dxe4 Nd7 10. Qe2 b6 11. e5 e6 12. Ne4 Qc7 13. Bf4 Bb7 14. Nd6 h6 15. h4
Rad8 16. Nxb7 Qxb7 17. Rad1 Qc7 18. Rfe1 Ndb8 19. Nh2 Rxd1 20. Rxd1 h5 21. Re1
Nd7 22. Nf3 Rd8 23. a4 Nf8 24. g4 hxg4 25. Nh2 Ne7 26. Nxg4 Qd7 27. Be4 Nh7 28.
Bc2 Nf5 29. h5 Qe7 30. hxg6 fxg6 31. Nf6+ Kh8 32. Kg2 Nh4+ 33. Kh3 Nxf6 34. Bg5
Qf8 35. Kxh4 Nh5 36. Bxd8 Qxd8+ 37. Kg4 Bh6 38. Rh1 Qg5+ 39. Kf3 Nf4 40. Qf1 Kg7
41. Be4 c4 42. Qg1 Ng2 43. Qh2 1-0

[Event "37th ECC Open 2022"]
[Site "Mayrhofen AUT"]
[Date "2022.10.06"]
[Round "4.5"]
[Board "4"]
[White "Prohaszka, Peter2"]
[Black "Vocaturo, Daniele"]
[Result "0-1"]
[WhiteTitle "GM"]
[BlackTitle "GM"]
[WhiteElo "2570"]
[BlackElo "2615"]
[WhiteTeam "Sentimento Ajka BSK"]
[BlackTeam "Clichy-Echecs-92"]
[WhiteFideId "726265"]
[BlackFideId "813192"]
[EventDate "2022.10.03"]

1. Nf3 d5 2. e3 Nf6 3. c4 e6 4. Nc3 c5 5. d4 Nc6 6. cxd5 exd5 7. Be2 Bd6 8. dxc5
Bxc5 9. O-O O-O 10. b3 a6 11. Bb2 Ba7 12. Rc1 Re8 13. h3 Bf5 14. Bd3 Be4 15. Bb1
Bxf3 16. Qxf3 d4 17. Ne4 Nxe4 18. Bxe4 dxe3 19. fxe3 Qe7 20. Bxc6 bxc6 21. Kh1
f6 22. Rxc6 Bxe3 23. Qg3 Bg5 24. Rc7 Qe3 25. Qg4 Kh8 26. Bc1 Qe5 27. Bf4 Qb5 28.
Rfc1 h6 29. h4 f5 30. Qg3 Bf6 31. Bxh6 Qe5 32. Bf4 Qe2 33. Qg6 Rad8 34. R7c2 Qe4
35. Qh5+ Kg8 36. Bg5 Rd3 37. Kg1 Bd4+ 38. Kf1 Rh3 39. Qxe8+ Qxe8 40. gxh3 Qe4
41. Rd2 f4 42. Rcc2 Be3 43. Rh2 Kh7 44. Rce2 Qd3 45. Rf2 Bxf2 46. Kxf2 Qg3+ 47.
Kf1 Qxh3+ 48. Ke1 Qg3+ 49. Rf2 f3 50. Kf1 Kg6 51. Bd2 Qh3+ 52. Kg1 Qg4+ 53. Kf1
Qe4 54. Be1 Qd3+ 55. Kg1 Kf5 56. Rd2 Qe3+ 57. Kf1 Ke4 58. Rf2 Qd3+ 59. Kg1 Qd7
60. Rh2 Qg4+ 61. Kf1 Qh5 62. Rd2 g5 63. Rc2 g4 64. Rc4+ Kd5 65. Bg3 Qg6 66. Kf2
Qd3 67. Bb8 Qe2+ 68. Kg3 f2 69. Rf4 f1=Q 0-1

[Event "37th ECC Open 2022"]
[Site "Mayrhofen AUT"]
[Date "2022.10.06"]
[Round "4.5"]
[Board "5"]
[White "Van Wely, Loek"]
[Black "Czebe, Attila"]
[Result "1-0"]
[WhiteTitle "GM"]
[BlackTitle "GM"]
[WhiteElo "2629"]
[BlackElo "2366"]
[WhiteTeam "Clichy-Echecs-92"]
[BlackTeam "Sentimento Ajka BSK"]
[WhiteFideId "1000268"]
[BlackFideId "705268"]
[EventDate "2022.10.03"]

1. d4 e6 2. c4 Bb4+ 3. Bd2 Bxd2+ 4. Qxd2 Nf6 5. Nf3 O-O 6. g3 d6 7. Bg2 Nc6 8.
Nc3 e5 9. O-O Bg4 10. e3 exd4 11. Nxd4 Qd7 12. Nd5 Nxd5 13. cxd5 Ne7 14. Rfc1
Rac8 15. Qb4 Rb8 16. Qa5 Rfc8 17. Qxa7 c5 18. dxc6 bxc6 19. Qxd7 Bxd7 20. Rc2
Rb6 21. Rd1 Ra6 22. b3 Rca8 23. Rdd2 Rb8 24. Ne2 c5 25. Nc3 Be6 26. Bf1 Rc6 27.
Rc1 h6 28. Bg2 Ra6 29. Rcd1 d5 30. Nxd5 Bxd5 31. Bxd5 Nxd5 32. Rxd5 Rxa2 33.
Rxc5 Rb2 34. Rd7 R2xb3 35. Rcc7 Rf8 36. g4 Rb6 37. h3 Rf6 38. f4 Re6 39. Kf2 g6
40. Ra7 Re4 41. Rdc7 Re6 42. h4 Re4 43. Rc5 Rfe8 44. Ra3 Rb4 45. Kf3 Re7 46. h5
gxh5 47. Rxh5 Kg7 48. Rd5 Rb1 49. Rd6 Rc7 50. Ra8 Rf1+ 51. Kg2 Re1 52. Kf2 Rh1
53. Rdd8 Rh3 54. Ke2 Rb7 55. Rg8+ Kf6 56. Ra3 Ke7 57. Kd3 Rg3 58. Raa8 Rh3 59.
Rae8+ Kf6 60. Rh8 Rh4 61. g5+ Kf5 62. gxh6 f6 63. Rd8 Ra7 64. Rd5+ Kg6 65. Rd6
Rf7 66. Rdd8 Ra7 67. Rdg8+ Kf5 68. Rg3 Rh1 69. Kc4 Rc7+ 70. Kd3 Ra7 71. Rf8 Ra3+
72. Kc4 Rxh6 73. e4+ 1-0

[Event "37th ECC Open 2022"]
[Site "Mayrhofen AUT"]
[Date "2022.10.06"]
[Round "4.5"]
[Board "6"]
[White "Korpa, Bence"]
[Black "Tregubov, Pavel V."]
[Result "0-1"]
[WhiteTitle "GM"]
[BlackTitle "GM"]
[WhiteElo "2496"]
[BlackElo "2548"]
[WhiteTeam "Sentimento Ajka BSK"]
[BlackTeam "Clichy-Echecs-92"]
[WhiteFideId "706671"]
[BlackFideId "4115341"]
[EventDate "2022.10.03"]

1. d4 Nf6 2. c4 e6 3. Nc3 Bb4 4. f3 c5 5. a3 Bxc3+ 6. bxc3 Nc6 7. e4 d6 8. Ne2
e5 9. d5 Ne7 10. g4 Ng6 11. h4 h5 12. g5 Ng8 13. Ng3 N8e7 14. Bd3 Bd7 15. Rb1
Qc7 16. Nf5 Kf8 17. Ng3 Kg8 18. Qb3 b6 19. Ne2 Rf8 20. Be3 f5 21. gxf6 Rxf6 22.
Kd2 Rxf3 23. Rbf1 Nxh4 24. Bg5 Rxf1 25. Rxf1 Nhg6 26. Ng3 Bh3 27. Rg1 Qd7 28.
Qd1 Bg4 29. Qf1 Nf4 30. Bxf4 exf4 31. Qxf4 Ng6 32. Qe3 Ne5 33. Be2 h4 34. Nf5
Bxf5 35. exf5 Qxf5 0-1

[Event "37th ECC Open 2022"]
[Site "Mayrhofen AUT"]
[Date "2022.10.06"]
[Round "4.6"]
[Board "1"]
[White "Blomqvist, Erik"]
[Black "Mamedov, Rauf"]
[Result "1/2-1/2"]
[WhiteTitle "GM"]
[BlackTitle "GM"]
[WhiteElo "2526"]
[BlackElo "2646"]
[WhiteTeam "SK Rockaden"]
[BlackTeam "Vugar Gashimov"]
[WhiteFideId "1709437"]
[BlackFideId "13401653"]
[EventDate "2022.10.03"]

1. e4 c5 2. Nf3 Nc6 3. d4 cxd4 4. Nxd4 Nf6 5. Nc3 e5 6. Ndb5 d6 7. Nd5 Nxd5 8.
exd5 Ne7 9. c4 Ng6 10. Qa4 Bd7 11. Qb4 Bf5 12. h4 h5 13. Bg5 Qb8 14. g3 a6 15.
Nc3 Qc7 16. Be2 Be7 17. Be3 e4 18. Bb6 Qd7 19. Bd4 O-O 20. Bxh5 b5 21. cxb5 Ne5
22. Bxe5 dxe5 23. Qb3 e3 24. fxe3 axb5 25. Qxb5 Qxb5 26. Nxb5 Rfb8 27. O-O Rxb5
28. Rxf5 g6 29. Bxg6 fxg6 30. Rxe5 Bf8 31. Kg2 Rxb2+ 32. Kh3 Raxa2 33. Rxa2 Rxa2
34. Re6 Kf7 35. Kg4 Rd2 36. e4 Rd3 37. Rc6 Re3 38. Kf4 Bh6+ 39. Ke5 Bg7+ 40. Kf4
Bh6+ 41. Ke5 1/2-1/2

[Event "37th ECC Open 2022"]
[Site "Mayrhofen AUT"]
[Date "2022.10.06"]
[Round "4.6"]
[Board "2"]
[White "Shevchenko, Kirill"]
[Black "Seo, Jung Min"]
[Result "1-0"]
[WhiteTitle "GM"]
[BlackTitle "IM"]
[WhiteElo "2645"]
[BlackElo "2520"]
[WhiteTeam "Vugar Gashimov"]
[BlackTeam "SK Rockaden"]
[WhiteFideId "14129574"]
[BlackFideId "1734687"]
[EventDate "2022.10.03"]

1. e4 e5 2. Nf3 Nc6 3. Bb5 Nf6 4. d3 Bc5 5. Bxc6 dxc6 6. O-O Nd7 7. Nbd2 O-O 8.
Nc4 Re8 9. Kh1 a5 10. a4 b6 11. g3 Qe7 12. Be3 Bxe3 13. Nxe3 Nf6 14. Nh4 g6 15.
Nhg2 Rd8 16. Qe2 Ba6 17. f3 Re8 18. Qf2 Rad8 19. b3 Rd6 20. Rg1 Red8 21. Nh4 Qe6
22. Rad1 Kh8 23. f4 Bxd3 24. cxd3 Rxd3 25. Rxd3 Rxd3 26. fxe5 Qxe5 27. Rf1 Qxe4+
28. Nhg2 Rd6 29. Nc4 Re6 30. Qb2 Kg7 31. Kg1 c5 32. Nf4 Rc6 33. Rd1 Qe7 34. Qe5
Kf8 35. Rd2 h6 36. h4 h5 37. Rd1 Qe8 38. Qc3 Kg7 39. Ne5 Rd6 40. Rxd6 cxd6 41.
Nc4 Qe4 42. Nxd6 Qe7 43. Nxh5+ gxh5 44. Nf5+ Kf8 45. Nxe7 1-0

[Event "37th ECC Open 2022"]
[Site "Mayrhofen AUT"]
[Date "2022.10.06"]
[Round "4.6"]
[Board "3"]
[White "Trost, Edvin"]
[Black "Iskandarov, Misratdin"]
[Result "1/2-1/2"]
[WhiteTitle "FM"]
[BlackTitle "GM"]
[WhiteElo "2347"]
[BlackElo "2601"]
[WhiteTeam "SK Rockaden"]
[BlackTeam "Vugar Gashimov"]
[WhiteFideId "1729519"]
[BlackFideId "13400312"]
[EventDate "2022.10.03"]

1. d4 Nf6 2. c4 g6 3. g3 Bg7 4. Bg2 O-O 5. Nc3 d6 6. Nf3 c6 7. O-O Bf5 8. Ng5 h6
9. e4 Bg4 10. f3 Bd7 11. Nh3 e5 12. Be3 Na6 13. Qd2 Kh7 14. Nf2 Qe7 15. Rfd1
exd4 16. Bxd4 Be6 17. b3 Rfd8 18. Rac1 Nc5 19. Qe3 Ncd7 20. Qe2 Re8 21. Rc2 a6
22. Nd3 b5 23. Nf4 bxc4 24. bxc4 Rab8 25. Nxe6 Qxe6 26. Rcd2 Rb4 27. Bf1 Ne5 28.
c5 d5 29. exd5 Qf5 30. Bxe5 Rxe5 31. Qd3 Qh5 32. Re2 Nxd5 33. Rxe5 Qxe5 34. Nxd5
Rd4 35. Qxd4 Qxd4+ 36. Rxd4 Bxd4+ 37. Kg2 cxd5 38. c6 Bb6 39. Bxa6 Kg7 40. f4
Kf6 41. Kf3 Ke6 42. Bc8+ Kd6 43. Bd7 Ba5 44. a4 Bb6 45. f5 gxf5 46. Kf4 d4 47.
Kxf5 d3 48. Kf6 d2 49. Bg4 Bg1 50. Kxf7 Bxh2 51. Kg6 Bxg3 52. Kxh6 Kxc6 53. Kg5 1/2-1/2

[Event "37th ECC Open 2022"]
[Site "Mayrhofen AUT"]
[Date "2022.10.06"]
[Round "4.6"]
[Board "4"]
[White "Asadli, Vugar"]
[Black "Kenneskog, Theodor"]
[Result "1-0"]
[WhiteTitle "GM"]
[BlackTitle "FM"]
[WhiteElo "2575"]
[BlackElo "2320"]
[WhiteTeam "Vugar Gashimov"]
[BlackTeam "SK Rockaden"]
[WhiteFideId "13405764"]
[BlackFideId "1715011"]
[EventDate "2022.10.03"]

1. e4 c5 2. Nc3 d6 3. f4 g6 4. Nf3 Bg7 5. Bb5+ Bd7 6. Bc4 Nc6 7. d3 e6 8. f5
gxf5 9. exf5 d5 10. Bb5 Nd4 11. Nxd4 Qh4+ 12. g3 Qxd4 13. fxe6 Qe5+ 14. Kf2 fxe6
15. Kg2 Ne7 16. Re1 Qf5 17. Bxd7+ Kxd7 18. Ne4 Kc6 19. Ng5 e5 20. Rf1 Qg6 21.
Qg4 Rhf8 22. Be3 Rf5 23. Qa4+ Kc7 24. Bxc5 Rxf1 25. Rxf1 Qxg5 26. h4 Qg6 27.
Bxe7 Re8 28. Qa5+ Kc8 29. Qc5+ Kd7 30. Bg5 Qe6 31. Qxa7 Kc8 32. c4 d4 33. Qc5+
Kb8 34. Qd5 Qb6 35. Qd7 1-0

[Event "37th ECC Open 2022"]
[Site "Mayrhofen AUT"]
[Date "2022.10.06"]
[Round "4.6"]
[Board "5"]
[White "Hedman, Erik"]
[Black "Ahmadzada, Ahmad"]
[Result "0-1"]
[WhiteTitle "IM"]
[BlackTitle "IM"]
[WhiteElo "2322"]
[BlackElo "2488"]
[WhiteTeam "SK Rockaden"]
[BlackTeam "Vugar Gashimov"]
[WhiteFideId "1702351"]
[BlackFideId "13413007"]
[EventDate "2022.10.03"]

1. Nf3 c5 2. g3 Nc6 3. Bg2 g6 4. c4 Bg7 5. Nc3 e5 6. a3 d6 7. O-O Nge7 8. b4 O-O
9. Rb1 f5 10. Na4 e4 11. Ne1 cxb4 12. d3 d5 13. cxd5 Nxd5 14. dxe4 Nc3 15. Nxc3
bxc3 16. Qb3+ Kh8 17. Be3 fxe4 18. Nc2 Qe7 19. Rfd1 Re8 20. Qc4 Bg4 21. h3 Ne5
22. Qxe4 Bxe2 23. Rd4 Nc6 24. Qxe7 Rxe7 25. Rd6 Be5 26. Rxc6 bxc6 27. Re1 Bb5
28. Bd4 Bxd4 29. Rxe7 Rd8 0-1

[Event "37th ECC Open 2022"]
[Site "Mayrhofen AUT"]
[Date "2022.10.06"]
[Round "4.6"]
[Board "6"]
[White "Sadikhov, Ulvi"]
[Black "Bator, Robert"]
[Result "1/2-1/2"]
[WhiteTitle "GM"]
[BlackTitle "IM"]
[WhiteElo "2473"]
[BlackElo "2353"]
[WhiteTeam "Vugar Gashimov"]
[BlackTeam "SK Rockaden"]
[WhiteFideId "13401416"]
[BlackFideId "1700405"]
[EventDate "2022.10.03"]

1. e4 c5 2. Nf3 Nc6 3. g3 Nf6 4. d3 g6 5. Bg2 Bg7 6. O-O O-O 7. Re1 e5 8. c3 d5
9. exd5 Nxd5 10. Nbd2 h6 11. Nc4 Re8 12. Qb3 Nb6 13. Nfd2 Be6 14. Qb5 Qxd3 15.
Bf1 Qd8 16. Qxc5 Nd7 17. Qe3 Qc7 18. Ne4 Nb6 19. Ncd6 Red8 20. Nb5 Qb8 21. Nc5
Bc4 22. Bxc4 Nxc4 23. Qe4 Nb6 24. Qh4 Rd5 25. b4 a6 26. Na3 a5 27. Nc4 Nxc4 28.
Qxc4 Ne7 29. Be3 b6 30. Nb3 axb4 31. Qxb4 Rd6 32. c4 Nf5 33. a4 Nxe3 34. Rxe3
Qc7 35. Qb5 Rc6 36. Rc1 h5 37. Rec3 e4 38. R3c2 Bh6 39. Re1 Re6 40. c5 e3 41. f4
bxc5 42. Rxc5 Qa7 43. Qc4 e2 44. Kg2 Bf8 45. Rb5 Qxa4 46. Qxa4 Rxa4 47. Kf2 Ra2
48. Nd4 Re4 49. Rxe2 Rexe2+ 1/2-1/2

[Event "37th ECC Open 2022"]
[Site "Mayrhofen AUT"]
[Date "2022.10.06"]
[Round "4.7"]
[Board "1"]
[White "Rodshtein, Maxim"]
[Black "Ten Hertog, Hugo"]
[Result "1-0"]
[WhiteTitle "GM"]
[BlackTitle "GM"]
[WhiteElo "2602"]
[BlackElo "2525"]
[WhiteTeam "Beer Sheva Chess Club"]
[BlackTeam "Paul Keres"]
[WhiteFideId "2806851"]
[BlackFideId "1026356"]
[EventDate "2022.10.03"]

1. e4 g6 2. d4 d6 3. Nc3 a6 4. h4 h5 5. Be3 b5 6. f3 Nf6 7. Qd2 e5 8. dxe5 dxe5
9. Qxd8+ Kxd8 10. a4 b4 11. Rd1+ Nbd7 12. Nb1 Ne8 13. Nd2 Bh6 14. Bxh6 Rxh6 15.
Nc4 f6 16. g3 Ke7 17. Na5 Kf8 18. Rh2 Nb6 19. b3 Nd6 20. c3 Be6 21. cxb4 Rh7 22.
Rc2 Ne8 23. Ne2 Rd7 24. Rxd7 Nxd7 25. Nc1 Kf7 26. Nd3 Rb8 27. Nc6 Ra8 28. Rc3
Nb8 29. Nd8+ Ke7 30. Nxe6 Kxe6 31. f4 Nd7 32. Bh3+ f5 33. exf5+ gxf5 34. fxe5
Nxe5 35. Nf4+ Kd6 36. Nxh5 Rb8 37. Bxf5 Rxb4 38. Nf4 Nf6 39. h5 Rb8 40. Re3 Rh8
41. Ng6 1-0

[Event "37th ECC Open 2022"]
[Site "Mayrhofen AUT"]
[Date "2022.10.06"]
[Round "4.7"]
[Board "2"]
[White "Lombaers, Peter"]
[Black "Mikhalevski, Victor"]
[Result "1/2-1/2"]
[WhiteTitle "FM"]
[BlackTitle "GM"]
[WhiteElo "2351"]
[BlackElo "2523"]
[WhiteTeam "Paul Keres"]
[BlackTeam "Beer Sheva Chess Club"]
[WhiteFideId "1032852"]
[BlackFideId "2801914"]
[EventDate "2022.10.03"]

1. d4 d5 2. c4 e6 3. Nf3 Nf6 4. Nc3 Bb4 5. Qa4+ Nc6 6. a3 Bxc3+ 7. bxc3 Ne4 8.
e3 O-O 9. Bd3 Ne7 10. Qc2 b6 11. cxd5 exd5 12. Nd2 Nf6 13. e4 dxe4 14. Nxe4 Ng6
15. Bg5 Bb7 16. O-O Bxe4 17. Bxe4 Rb8 18. Qa4 a5 19. Rfe1 h6 20. Bxf6 Qxf6 21.
Bc6 Ne7 22. Bf3 Rbc8 23. Qd7 Ng6 24. Bb7 Rfd8 25. Bxc8 Rxd7 26. Bxd7 Nf4 27. Ra2
Qd6 28. Bf5 g6 29. Be4 Qe6 30. Raa1 Qb3 31. Re3 Qb2 32. Rae1 Qxa3 33. h4 Qd6 34.
g3 Nd5 35. Bxd5 Qxd5 36. Rc1 a4 37. c4 Qxd4 38. Ra3 Qc5 39. Rxa4 b5 40. Raa1 b4
41. Ra8+ Kg7 42. Rb8 c6 43. Rb1 Qxc4 44. R8xb4 Qc5 45. Re4 g5 46. hxg5 hxg5 47.
Ree1 Kg6 48. Rec1 Qd5 49. Rb6 Kh5 50. Rbxc6 f5 51. R6c5 Qd2 52. R1c4 Kg6 53. Kg2
g4 54. Ra4 Qd3 55. Rc6+ Kg5 56. Raa6 Qf3+ 57. Kg1 Qd1+ 58. Kh2 Qd2 59. Rg6+ Kh5
60. Kg2 Qd5+ 61. Kg1 Qd1+ 62. Kh2 Qd2 63. Kg2 1/2-1/2

[Event "37th ECC Open 2022"]
[Site "Mayrhofen AUT"]
[Date "2022.10.06"]
[Round "4.7"]
[Board "3"]
[White "Roiz, Michael"]
[Black "Kerigan, Demre"]
[Result "0-1"]
[WhiteTitle "GM"]
[BlackTitle "IM"]
[WhiteElo "2579"]
[BlackElo "2355"]
[WhiteTeam "Beer Sheva Chess Club"]
[BlackTeam "Paul Keres"]
[WhiteFideId "2804158"]
[BlackFideId "6307841"]
[EventDate "2022.10.03"]

1. d4 Nf6 2. c4 g6 3. Nc3 Bg7 4. e4 d6 5. Be2 O-O 6. Nf3 e5 7. O-O Na6 8. Re1 c6
9. Be3 Ng4 10. Bg5 f6 11. Bh4 g5 12. Bg3 Nh6 13. h3 f5 14. dxe5 f4 15. Bh2 g4
16. hxg4 Nxg4 17. exd6 Qb6 18. c5 Qxc5 19. Rf1 Be6 20. e5 Nxe5 21. Nxe5 Qxe5 22.
Re1 Qf6 23. Bxa6 bxa6 24. Qf3 Qg6 25. Bxf4 Bxc3 26. Qxc3 Rxf4 27. Qxc6 Rc8 28.
Qb7 Rf7 29. Qxa6 Rcf8 0-1